| 000 | 00395 a2200109 4500 | ||
|---|---|---|---|
| 001 | ART_38369 | ||
| 005 | 20260410161952.0 | ||
| 008 | 260409a | ||
| 245 | 1 | 0 | _aEl derecho contractual a partir del nuevo Código Civil y Comercial. El contrato de consumo |
| 100 | 1 | _aAlvarez Larrondo, Federico M. | |
| 773 | 0 |
_tTemas de derecho comercial _g- Año 2, Nº 5 (mayo 2016) _wREV28151 |
|
| 999 |
_c30463 _d30463 |
||